Obras reunidas [de Armando Uribe] : 1951-1989 /

Nacido en 1933 en Santiago, el escritor chileno Armando Uribe Arce inició en 1950 su trayectoria literaria con la publicación de versos en revistas y diarios y cuatro años después apareció el primer volumen de su obra poética: Transeúnte pálido (1954), al que habrían de seguir El engañoso laúd (1956...

Täydet tiedot

Tallennettuna:
Bibliografiset tiedot
Päätekijä: Uribe, Armando (autor)
Aineistotyyppi: Kirja
Kieli:espanja
Julkaistu: Santiago, Chile : Tajamar, 2004, c2004
Sarja:(Edición Limitada)
Aiheet:
Tagit: Lisää tagi
Ei tageja, Lisää ensimmäinen tagi!

MARC

LEADER 00000nam^a2200000^a^4500
001 000184936
005 20250521000000.0
009 20260310102133.889
020 |a 956-8245-06-5 
037 |a Acervo ITESO - Biblioteca 
041 |a ESP 
082 |a 861.  |b URI 
100 |a Uribe, Armando  |e (autor) 
245 1 0 |a Obras reunidas [de Armando Uribe] :  |b 1951-1989 /  |c A. Uribe. 
264 4 |a Santiago, Chile :  |b Tajamar,  |c 2004, c2004 
300 |a 197 p. 
336 |a texto  |b txt  |2 rdacontenido 
337 |a sin mediación  |b n  |2 rdamedio 
338 |a volumen  |b nc  |2 rdasoporte 
440 1 |a (Edición Limitada) 
520 |a Nacido en 1933 en Santiago, el escritor chileno Armando Uribe Arce inició en 1950 su trayectoria literaria con la publicación de versos en revistas y diarios y cuatro años después apareció el primer volumen de su obra poética: Transeúnte pálido (1954), al que habrían de seguir El engañoso laúd (1956), Los obstáculos (1961) y No hay lugar (1970). Abogado de profesión, ha ejercido la docencia en el ámbito del derecho y ha sido miembro del servicio exterior chileno. Por ser vos quien sois (1989) y A peor vida, reconocido en 2002 con el Premio Altazor, se cuentan entre sus posteriores contribuciones poéticas, en tanto Antología de Ezra Pound: homenaje desde Chile (1955), Carta abierta a Patricio Aylwin (1997) o el ensayo El fantasma de la sinrazón y el secreto de la poesía, también galardonado con el Premio Altazor 2002, ejemplifican las incursiones de Uribe Arce en otros quehaceres y géneros literarios. El autor, integrante de la Academia Chilena de la Lengua, presentó Obras reunidas: 1951-1989, un compendio de su muy personal poesía, en 2004, mismo año que recibió el Premio Nacional de Literatura. 
649 |a XX 
650 |a Poesía Chilena 
650 |a Literatura Chilena -  |y Siglo XX 
910 |a Fondo General 
920 |a Impresos - Libros 
930 |a Colección General 
940 |a Literatura 
905 |a 101 
901 |a 0500126011  |b IT1  |c LIT  |u 20250521 
902 |a https://opac.biblio.iteso.mx/vufind/Record/000184936